000 00679nam a2200217 i 4500
001 bgj
100 1 _aCHILTON, John F.
245 1 0 _aThe Essentials of United States History :
_bthe developing nation 1789 to 1841 /
_cJohn F. Chilton.
250 _a[Rev. print.].
260 _aPiscataway, NJ :
_bResearch and Education Association,
_c1992.
300 _aXI, 88 pp :
_bmaps ;
_c21 cm.
651 9 _aUnited States
_xHistory
_y1789-1841
651 9 _aUnited States
_xHistory
_y1783-1865
655 _aOutlines, syllabi, etc.
020 _a0878917136
040 _cBPK
041 0 _aeng
920 _a0-87891-713-6
942 _cKS
008 s uk f |000 0 eng
999 _c47860
_d47860
856 _uhttp://koha.tu.koszalin.pl/cgi-bin/koha/opac-detail.pl?biblionumber=47860
_yKatalog online BPK